000
00240nmm a2200085Ia 4500
008
220120s9999||||xx |||||||||||||||||und||
100
_a
PC QUEST
_9
10676
245
0
_a
120+free open source software;Linux corner ,25 free security
260
_c
2014
999
_c
139894
_d
139894